[Event "73rd RUS-ch Superfinal 2020"]
[Site "Moscow"]
[Date "2020.12.14"]
[Round "9.2"]
[White "Dubov, Daniil"]
[Black "Nepomniachtchi, Ian"]
[Result "1-0"]
[WhiteElo "2702"]
[BlackElo "2784"]
[Annotator "Cé.Ha."]
[PlyCount "79"]
[EventDate "2020.??.??"]

1. d4 Nf6 2. c4 g6 3. Nc3 d5 4. cxd5 Nxd5 5. e4 Nxc3 6. bxc3 Bg7 7. Bb5+ (7.
Bc4 c5 8. Ne2 Nc6 9. Be3 O-O 10. O-O Qc7 11. Rc1 Rd8 12. Bf4 Qd7 13. d5 Na5 14.
Bd3 b5 15. Rb1 a6) 7... c6 8. Ba4 b5 (8... O-O 9. Ne2 c5 10. O-O) 9. Bb3 a5 (
9... b4 10. Qf3 O-O 11. Ne2 bxc3 12. Qxc3 Ba6 13. Be3 Nd7 14. Qxc6 Bd3) 10. Nf3
O-O (10... a4 11. Bc2 O-O) 11. O-O a4 12. Bc2 c5 13. Rb1 Nc6 14. d5 Ne5 15.
Nxe5 Bxe5 16. Bh6 {(Zie diagram)(Zwart ziet iets in het loperpaar. Het zal er
niet uit komen.)} Ba6 (16... Re8 17. Be3 Qa5 18. Bxc5 (18. c4 bxc4 19. f4 Bg7)
18... Bxc3 19. a3 Bd7 20. d6 exd6 21. Qxd6 Rad8 22. Bb4 Bxb4 23. Rxb4 Be6 24.
Qf4 {gelijk.}) 17. Bxf8 Kxf8 18. f4 Bxc3 19. Rf3 Qa5 (19... Bd4+ 20. Kh1 Qd6 {
gelijk.}) 20. e5 Kg8 21. Kh1 Rd8 22. e6 $1 fxe6 $2 (22... Bb7 23. exf7+ Kf8 (
23... Kxf7) 24. Be4 Bg7 {wit blijft winnen.}) 23. Bxg6 $3 hxg6 24. Qc2 $1 {
(Een dubbele dreiging verantwoordt nu het loperoffer.)} Bg7 25. Rg3 ({Is zelfs
sterker dan:} 25. Qxg6 Qd2 26. Rg3 Qd4 27. Qxe6+ Kf8 28. Qxa6) 25... g5 26. Qg6
$1 {(en nog eens.)} Qd2 27. Rxg5 Qc3 28. Qxe6+ Kf8 29. Re1 Qxe1+ {(Zwart heeft
krampen...)} 30. Qxe1 Bf6 31. Qh4 $5 (31. Rh5 b4 32. Qe6 Rd6 33. Qf5) (31. Qa5
Rd6 32. Rh5 Kf7 33. Qc7) 31... Rd6 32. Qh7 $1 Ke8 (32... Bxg5 33. fxg5 Ke8 (
33... Rxd5 34. Qh8+ Kf7 35. g6+ Kxg6 36. Qg8+)) 33. Qg8+ Kd7 34. Qa8 Bxg5 35.
fxg5 c4 (35... b4 36. h4 b3 37. Qa7+ Kd8 38. axb3 axb3 39. Qb8+ Bc8 40. Qxb3 {
en gedaan met proberen.}) 36. h4 b4 37. Qa7+ Ke8 38. Qb8+ Kf7 39. Qxb4 Rxd5 40.
Qxa4 {(Handdoek)} 1-0

[Event "73rd RUS-ch Superfinal 2020"]
[Site "Moscow"]
[Date "2020.12.16"]
[Round "11.1"]
[White "Dubov, Daniil"]
[Black "Karjakin, Sergey"]
[Result "1-0"]
[WhiteElo "2702"]
[BlackElo "2752"]
[Annotator "Cé.Ha."]
[PlyCount "75"]
[EventDate "2020.??.??"]

1. e4 e5 2. Nf3 Nc6 3. Bc4 Bc5 4. c3 Nf6 5. d4 (5. d3 d6 6. O-O O-O) 5... exd4
6. b4 $1 (6. cxd4 Bb4+ 7. Bd2 Bxd2+ 8. Nbxd2 d5 9. exd5 Nxd5 10. Qb3 Nce7 11.
O-O O-O 12. Rfe1 c6 13. Ne4 Nb6 14. Bd3 Bf5 15. Nc5 Bxd3 16. Qxd3 Rb8 17. Qa3
Nec8 18. Ne4 Nd5 19. Rac1 Re8 20. g3 a6 21. Ne5 Re7 22. Rcd1 Ncb6 23. Nc5 Qc7
24. Qb3 h6 25. Ned3 Rxe1+ 26. Rxe1 Nd7 27. Kg2 Kf8 28. h3 Kg8 {1/2-1/2 (28)
Van Leeuwen,E (2493)-Percze,J (2533) ICCF email 2016}) 6... Bb6 7. e5 Ne4 (7...
d5 8. exf6 dxc4 9. Qe2+ Be6 10. b5 Nb4 11. fxg7 Rg8 12. cxb4 Qf6 13. O-O Qxg7
14. g3 O-O-O 15. a4 d3 16. Qb2 Qxg3+ 17. hxg3 Rxg3+ 18. Kh2 Rxf3 19. Bg5 Bd4
20. Qd2 Rg8 21. Ra3 h6 22. Rg1 Rh3+ 23. Kg2 Rxg5+ 24. Kf1 Rxg1+ 25. Kxg1 Bd5 {
0-1 (25) Skvortsov,O-Anand,V (2786) Zuerich 2017}) 8. Bd5 (8. b5 $1 Nxe5 9.
Nxe5 d5 10. Bb3 Qe7 (10... Be6 11. Nf3 dxc3 12. O-O {en de computer geeft
gelijk. Ik verkies toch zwart hier.}) 11. cxd4 Qb4+ (11... f6 12. Qh5+ $1) 12.
Nd2 O-O 13. Nef3 Nc3 14. Qc2 Re8+ 15. Kf1 Qxb5+ 16. Bc4 dxc4 17. Qxc3 Bf5 18.
Kg1 Bd3 {en ondanks het stuk blijft zwart iets beter.}) 8... Nxc3 $1 9. Nxc3
dxc3 10. Bg5 Ne7 $1 11. O-O {(Wit vlucht weg, maar zwart blijft beter!)} h6 12.
Bh4 O-O $1 (12... a5 13. Qb3 O-O $1 14. Bxe7 Qxe7 15. a3 c6 16. Bc4 axb4 17.
axb4 Rxa1 18. Rxa1 d5 19. exd6 Qxd6 20. Qxc3 Bg4 {en zwart staat duidelijk
plus.}) 13. Re1 Qe8 (13... a5 $1) 14. Bb3 a5 15. Bf6 $3 a4 ({Je mag Dubov niet
onderschatten. Elke aanvalskans grijpt hij aan!} 15... gxf6 $2 16. exf6 d5 17.
fxe7 {en zwart mag opgeven.}) ({Een goed oplossing lijkt:} 15... Nf5 $1 16. Qd3
d6 17. exd6 Qd7 18. Bxc3 {en gelijk.} (18. bxa5 Bxa5 19. Bxc3 Qxd6 20. Qxd6
Nxd6 21. Bxa5 Rxa5) 18... Qxd6 19. Qe4 axb4 20. Bxb4 c5 21. Bc3 {en afgevlakt.}
) 16. Bc4 Ng6 17. Qd3 $1 d5 $5 18. exd6 Be6 {(zie diagram)(Moet de volgende
zet van wit met mat beletten. Maar wat gebeurt daar?!)} 19. Qxg6 $3 {(Toch!)}
fxg6 20. Rxe6 Qf7 (20... Qc6 $1 21. Re7+ Qxc4 22. Rxg7+ Kh8 23. Rxc7+ Rxf6 24.
Rxc4 Rxd6 25. Rxc3 {en wit komt er het best uit!}) 21. Bxc3 Kh8 22. Re4 $1 Qf5
23. Re7 $1 Rg8 24. Bxg8 $18 Rxg8 25. dxc7 Qc2 26. Be5 Bxf2+ {(Een tegenstoot,
maar ruim onvoldoende.)} 27. Kh1 Bb6 28. h3 ({Deze grap lukt niet:} 28. Bxg7+
Rxg7 29. Re8+ Rg8 30. c8=Q Qxc8 31. Rxc8 Rxc8 32. g3 {en zwart overwicht.})
28... Kh7 29. Re1 a3 30. Kh2 g5 31. Nd4 Qc4 (31... Bxd4 32. Bxd4 Qf5 33. Be5
Qf8 34. Rd7 g4 35. Re3 gxh3 36. Rg3 h5 37. Rd8 Qf5 38. c8=Q Qxc8 39. Rxc8 Rxc8
40. Rxg7+) 32. Nf5 Qxb4 (32... g4 33. Bxg7 g3+ 34. Kh1 Bxc7 35. Be5+ Kg6 36.
Rxc7 Qxc7 37. Nh4+ Kh5 38. Bxc7 Kxh4 39. Re3) 33. Rc1 Kg6 34. Rxg7+ Kxf5 35.
Rxg8 Bxc7 36. Bxc7 Qb2 37. Rc5+ Ke4 38. Rd8 {geweldige partij!} 1-0

[Event "70th RUS-ch Women Superfinal 2020"]
[Site "Moscow"]
[Date "2020.12.16"]
[Round "11.4"]
[White "Goryachkina, Aleksandra"]
[Black "Getman, Tatyana"]
[Result "1-0"]
[WhiteElo "2592"]
[BlackElo "2303"]
[Annotator "Cé.Ha."]
[PlyCount "93"]
[EventDate "2020.??.??"]

1. c4 e6 2. Nc3 d5 3. d4 Bb4 4. cxd5 (4. Nf3 Nf6 5. Bg5 h6 6. Bxf6 Qxf6 7. e3
O-O 8. Rc1 dxc4 9. Bxc4 c5 10. O-O cxd4 11. Ne4 Qe7 12. exd4 Rd8 13. Qc2 Bd7
14. a3 Ba5 15. b4 Bb6 16. Rfe1 Bc6 17. Rcd1 Qc7 18. Neg5 Bxf3 19. Qh7+ Kf8 20.
Rxe6 $3 {1-0 (20) Koneru,H (2560)-Kashlinskaya,A (2487) Skolkovo 2019}) 4...
exd5 5. Bf4 (5. Nf3 Nf6 6. Bg5 h6 7. Bh4 c5 8. e3 c4 9. Nd2 g5 10. Bg3 Bf5 11.
h4 Rg8 12. Be2 Nc6 13. a3 Bxc3 14. bxc3 Qd7 15. Be5 Ng4) 5... c6 6. e3 Ne7 7.
Qb3 $5 (7. Bd3 Bf5 8. Bxf5 Nxf5 9. Qb3 Qe7 10. Nge2 O-O 11. O-O Bd6 12. Qc2 g6
13. Rab1 Nd7 14. Bxd6 Nxd6 15. Rfc1 Nf6 16. b4 b5 17. a4 a6 18. Re1 Rfe8 19.
Nf4 Nc4 20. Qa2 Qd6 21. g3 Kg7 22. Kg2 h5 23. h4 a5 24. Nd3 axb4 25. Rxb4 Ng4
26. Qb3 Ngxe3+ 27. fxe3 Nxe3+ 28. Kf3 Nf5 29. Re5 bxa4 30. Rxa4 Rab8 31. Qd1
Qf6 32. Rxf5 Qxf5+ 33. Nf4 Rb2 34. Nce2 Rbxe2 35. Qxe2 Rxe2 {0-1 (35) Grooten,
H (2430)-Kuijf,M (2440) Den Bosch 1992}) 7... Bd6 8. Bxd6 Qxd6 9. Bd3 O-O 10.
Nf3 Nd7 11. O-O Nf6 12. Rac1 Ng6 13. h3 Re8 {(En miniem verschil. De witte
loper is iets beter.)} 14. a3 {(Wit heeft nu de bekende ezelsoren...)} Qe7 15.
Qb4 Qxb4 (15... Ne4 16. Qxe7 Rxe7 {blijft gelijk.}) 16. axb4 a6 17. Nd2 Ne7 18.
Nb3 Bf5 19. Be2 (19. Bxf5 Nxf5 {ruilen is in het voordeel van zwart.}) 19...
Nc8 20. g4 Be6 21. f3 (21. Ra1 Nd6 22. Nc5 h5 {gelijk.}) 21... Nd6 22. Kf2 Rad8
(22... Re7) 23. Nc5 Bc8 24. Bd3 Nd7 25. Rfe1 f5 26. gxf5 (26. Ne2 Nf6 27. Ng3
fxg4 28. hxg4) 26... Nxc5 27. bxc5 Nxf5 28. Bxf5 Bxf5 29. h4 {(Gelijke
stelling)} Rf8 30. Rg1 Rf6 (30... Be4 {levert niks op.} 31. Rg3) 31. Rg3 Rd7
32. Ke2 Bg6 33. Rg5 h6 34. Re5 Kh7 35. Rg1 (35. h5 Bf5 36. Rg1) 35... Bc2 36.
Kd2 Bb3 37. f4 Bc4 $6 {(De loper staat nu niet echt beter. Wit dikt zijn
kleine voorsprong aan.)} (37... a5 38. Rg2) (37... Rdf7 38. h5) 38. Na4 $1 Bb5
(38... Rc7 39. Nb6 Bb5 40. h5 g5 41. fxg5 hxg5 42. Rgxg5 (42. Kc3) 42... Rf2+
43. Kc3 {wit is beter.}) 39. Nb6 Rc7 40. Re8 {(Wit geeft weer toe!)} ({Sterker:
} 40. h5 $1 Rf8 41. Re6 Rcf7 42. Rd6 Re8 43. Re1 Rf5 44. Rh1 Rf7 45. Nd7 {de
cavalerie op weg naar het centrum. Wit staat plus.}) 40... Rf5 $2 {(Zie
diagram)(Net nu wit voordeel weg geeft volgt een blunder!)} ({Met} 40... Rg6 {
kon zwart stand houden.} 41. Rh8+ (41. Rxg6 Kxg6 42. Re5 a5 43. Kc2 Kf7 44. Kc3
g6 45. Kb3 {en evenwicht.}) 41... Kxh8 42. Rxg6 Bf1 {zo komt de loper terug op
adem!. De stelling is nu ongeveer gelijk.}) 41. Nc8 $1 Rh5 $2 (41... g6 42. Nd6
Rf6) 42. Ne7 {(Er dreigt een beetje mat!)} g5 43. fxg5 hxg5 44. hxg5 Kg7 45. g6
Rh2+ 46. Kc3 Re2 47. Nf5+ (47. Nf5+ Kf6 48. Rf8+ Ke6 49. g7) 1-0

[Event "70th RUS-ch Women Superfinal 2020"]
[Site "Moscow"]
[Date "2020.12.12"]
[Round "7.6"]
[White "Goryachkina, Aleksandra"]
[Black "Girya, Olga"]
[Result "1-0"]
[WhiteElo "2592"]
[BlackElo "2469"]
[Annotator "Cé.Ha."]
[PlyCount "93"]
[EventDate "2020.??.??"]

1. Nf3 Nf6 2. c4 e6 3. Nc3 d5 4. d4 dxc4 (4... Be7 5. Bg5 O-O 6. e3 h6 7. Bh4
b6 8. cxd5 Nxd5 9. Bxe7 Qxe7 10. Nxd5 exd5 11. Be2 Be6 12. Rc1 c5 13. dxc5 bxc5
14. O-O Nd7 15. Qa4 Rfb8 16. Bb5 a5 17. Bxd7 Bxd7 18. Qa3 Rb4 19. Qc3 Rc8 20.
b3 a4 21. Rfd1 Be6 22. Nd2 axb3 23. Nxb3 Ra4 24. Qb2 Qa7 25. Rd2 c4 26. Nd4 Rb8
27. Qa1 Qa5 28. Rcc2 Rab4 29. Rd1 Bd7 30. Rdc1 Ra4 31. Rd1 Ra3 32. Rdd2 c3 33.
Rd3 Rb2 34. Rdxc3 Rbxa2 35. Rxa2 Rxa2 36. Qe1 Ra1 {0-1 (36) Bok,B (2640)
-Grischuk,A (2759) Khanty-Mansiysk 2019}) 5. e3 a6 6. a4 (6. Bxc4 b5 7. Bd3 Bb7
8. O-O c5 9. Qe2 Nbd7 10. Rd1 Qc7 11. e4 cxd4 12. Nxd4 Bc5 13. Be3 O-O) 6... c5
7. Bxc4 Nc6 8. O-O Be7 9. Qe2 (9. a5 Nxa5 10. Qa4+ Nc6 11. dxc5 Bxc5 12. Ne5
Bd7 13. Nxd7 Qxd7 14. Rd1 Qe7 15. Bb5 Rc8 16. Bxc6+ Rxc6 17. Qh4 O-O 18. Na4
Bd6 19. e4 Rfc8 20. Be3 Rc2 21. b3 Be5 22. Rab1 Qc7 23. Nb6 Rd8 24. Nc4 Rxd1+
25. Rxd1 h6 26. Nxe5 Qxe5 27. Bxh6 gxh6 28. Qxh6 Rc8 {0-1 (28) Riiga,
U-Winfridsson,H Sweden 1988}) 9... O-O 10. Rd1 Qc7 11. dxc5 (11. h3 Rd8 12. d5
exd5 13. Bxd5 Nb4 14. e4 Nfxd5 15. Nxd5 Nxd5 16. exd5 Bf5 17. Bg5) 11... Bxc5
12. h3 b6 13. e4 Bb7 (13... Nd7 14. Be3 Bb7 15. Rac1 Rfd8) 14. Be3 Rfd8 (14...
Na5 15. Bxc5 Qxc5 16. Ba2 Rfd8) 15. Rxd8+ Rxd8 16. Bxa6 Bxa6 17. Qxa6 Bxe3 18.
fxe3 {(en wit komt iets beter.)} Na5 (18... h6 19. Qc4 Qb7 20. Rc1) 19. Qb5 h6
20. Ne5 Rd2 21. Rf1 (21. Rb1 Kh7 22. Nf3 Rd8 23. e5 Nd5 {en wit blijft licht
beter.}) 21... Rc2 22. Rd1 {(en de verschillen zijn gladgesleten. Maar:)} Nb7 {
(Zie diagram)(Zwart mist een gelijk spel!)} (22... Kh7 23. Rd4 Rc1+ 24. Kf2 ({
Natuurlijk niet:} 24. Kh2) 24... Rc2+ 25. Kf1 {en zwart dwingt remise af!}) 23.
Qb3 $1 Rxg2+ 24. Kxg2 Nc5 25. Qc2 Qxe5 26. Qf2 Nfxe4 27. Qf4 Qxf4 28. exf4 Nxc3
29. bxc3 Nxa4 {(Zwart heeft wel enige compensatie voor de kwal. Is het
voldoende?)} 30. c4 Nb2 31. Rd8+ Kh7 32. Rc8 g5 33. Kf3 Kg6 34. Ke4 gxf4 35.
Kxf4 Nd3+ $5 {(Zwart kon bijna niet anders dan het paard spelen. De koning
moet bijna bij zijn onderdanen blijven om ze bij te staan..)} ({Zwart had
misschien toch beter geprobeerd;} 35... f6 36. Rc6 e5+ 37. Ke4 h5 (37... Na4
38. h4 Nc3+ 39. Kd3 Na4 40. Rd6 h5 41. Kc2 Kf7 42. Rd5 Nc5 43. Rd8 Na4 44. Rd7+
Kg6 (44... Ke6 $2 45. Rh7 $1) 45. Rd5 Kf5 46. Rb5 Kg4 47. Rb4 Nc5 48. Rxb6 Kxh4
49. Rxf6 {en de winst ligt in het witte kamp.}) 38. h4 Na4 39. Kd3 Kg7 40. Kc2
(40. Rd6 Kf7 41. Kc2 Ke7 42. Rd5 Nc5 {en gelijk.}) 40... Kg6 41. Kb3 Nc5+ 42.
Kb4 Nd3+ 43. Kc3 (43. Kb5 $2 e4 $1 {en wit moet flink opletten!}) 43... Nc5 44.
Kd2 Nb3+ 45. Kd3 Nc5+ 46. Ke3 Na4 47. Ke4 Nc3+ 48. Ke3 Na4 {en wit geraakt
moeilijk vooruit.}) 36. Ke4 Nf2+ 37. Ke5 Nd3+ (37... Nxh3 $4 38. Rg8+ Kh5 39.
Rb8 Kg5 40. Rxb6 {en de witte c-pion wordt extreem gevaarlijk.}) 38. Kd4 Nb2 (
38... Nc5 39. Rb8 Na4 40. Ke5 {wit plus.}) 39. Kc3 Na4+ $2 (39... Nd1+ 40. Kb4
f5 {en wit plus.}) 40. Kb4 Nb2 $4 41. Rd8 $1 {(en het paard zit binnen!)} f5
42. Rd2 Nxc4 43. Kxc4 f4 44. Kd3 Kf5 45. Rb2 e5 46. Rxb6 e4+ 47. Kd4 {(En
zwart heeft wijselijk op. Niet te houden.)} 1-0

[Event "83rd Tata Steel Masters 2021"]
[Site "Wijk aan Zee"]
[Date "2021.01.16"]
[Round "1.1"]
[White "Carlsen, Magnus"]
[Black "Firouzja, Alireza"]
[Result "1-0"]
[WhiteElo "2862"]
[BlackElo "2749"]
[Annotator "Cé.Ha."]
[PlyCount "79"]
[EventDate "2021.??.??"]

{[%evp 0,79,34,17,14,-23,0,-10,-12,6,50,1,15,-16,33,28,21,21,46,26,15,16,17,12,
10,15,32,21,43,39,35,35,50,53,46,63,63,54,36,1,30,23,30,-14,21,10,27,0,0,3,-38,
-52,-23,-16,-6,0,-11,-23,-32,-32,-25,-43,-47,-53,-64,-130,-114,-142,-47,-73,
-108,-108,143,240,215,252,29989,29990,29991,29992,29993,29994]} 1. d4 Nf6 2. c4
e6 3. Nf3 d5 4. Nc3 Nbd7 (4... Be7 5. Bg5 O-O 6. e3 h6 7. Bh4 b6 8. cxd5 Nxd5
9. Bxe7 Qxe7 10. Nxd5 exd5 11. Rc1 Be6 12. Qa4 c5 13. Qa3 Rc8 14. Be2 a5 15.
O-O {en uit de oude doos!} Na6 16. Bxa6 Rxa6 17. Rc3 Kf8 18. dxc5 bxc5 19. Rfc1
c4 20. Qxe7+ Kxe7 21. Nd4 a4 22. Ra3 Rb6 23. Rxa4 Rxb2 24. f4 g6 25. Rc3 Rc7
26. h3 h5 27. Kh2 Rcb7 28. Kg3 Kf6 29. Ra6 Rd2 30. Nf3 Re2 31. Nd4 {1/2-1/2 
(31) Willaert,R-Schumacher,H Brussels 1966}) 5. Bg5 h6 (5... c6 6. e3 Qa5 7.
Nd2 Bb4 8. Qc2 O-O 9. Be2 e5 10. O-O) 6. Bh4 Be7 7. cxd5 (7. e3 O-O 8. Rc1 c6
9. Bd3 dxc4 10. Bxc4 b5 11. Bd3 a5 12. O-O) 7... Nxd5 8. Bxe7 Qxe7 9. e4 Nxc3
10. bxc3 O-O 11. Bd3 c5 (11... b6 12. O-O) 12. O-O cxd4 13. cxd4 b6 14. a4 (14.
Nd2 Bb7) 14... Bb7 15. a5 bxa5 16. Rxa5 Nf6 17. Re1 Rfd8 18. Qa1 Qc7 19. h3 (
19. Rxa7 Rxa7 20. Qxa7 Ra8 21. Qc5 Qxc5 22. dxc5 Ra3 23. Ne5 Nxe4 24. Bxe4 Bxe4
{en gelijk want loper kan niet geslagen worden.}) 19... a6 20. Rc5 Qf4 21. Re5
Nd7 (21... Ne8 22. Re3 Nd6 23. Qf1 {wit iets beter.}) 22. Ra5 Nf6 23. d5 $1 {
(Wit kon ook om herhaling van zetten vragen, waar zwart wel zou op ingegaan
zijn. maar Magnus wil doorgaan en gokt.)} exd5 24. e5 Ne4 25. Qd4 (25. Bxa6
Rxa6 26. Rxa6 Bxa6 27. Qxa6 {gelijk.}) 25... Rdc8 26. Raa1 a5 27. Rab1 Bc6 28.
e6 (28. Rb6 Bd7 29. Qxd5 Nc5 30. Bb5 Be6 31. Qd6 Na4 32. Ra6 {met wein!ig
verschil.}) 28... fxe6 {(Dat maakt dus twee pionnen!)} 29. Ne5 Qf6 30. f3 (30.
Bxe4 dxe4 31. Nxc6 Rxc6 32. Qxe4 {gelijk.}) 30... Ng5 {(en nu geeft zelfs de
computer een plus voor zwart!)} 31. Rb6 Be8 32. Qe3 (32. f4 Nf7 {en zwart
blijft beter.}) 32... a4 $1 {(Die neemt een loopje...Zwart duidelijk beter.)}
33. Ng4 {(Dat paard is geniepig!!)} Qd8 $1 34. Rxe6 $5 Nxe6 35. Qxe6+ Bf7 $2 {
(Een automatische zet? In elk geval een blunder die Magnus de kans geeft het
knap uit te maken!)(Zie diagram)} (35... Kh8 36. Qf5 (36. Nxh6 Bh5 37. Ng4 Qh4
38. Re5 Rf8) 36... Qb6+ 37. Kf1 Bg6 $3 38. Qxg6 Qxg6 39. Bxg6 a3 {en daar gaat
ie! En er is nog een broertje op de d-lijn.} 40. Ra1 a2 41. h4 Rcb8 42. Kf2
Rb2+ 43. Ke3 Rxg2) 36. Nxh6+ $1 gxh6 37. Qxh6 Qc7 38. Qh7+ Kf8 39. Qh8+ $1 Bg8
40. Qh6+ {en uit.} ({want na} 40. Qh6+ {volgt mat:} Qg7 (40... Kf7 41. Bg6+ Kf6
42. Bh5+ Kf5 43. g4# {altijd leuk de koning mat door een proletariër!.}) 41.
Qd6+ Kf7 (41... Qe7 42. Qxe7#) 42. Qe7#) 1-0

[Event "Tatasteel2021"]
[Site "?"]
[Date "2021.01.16"]
[Round "1.7"]
[White "Giri, Anish"]
[Black "Tari, A."]
[Result "1-0"]
[WhiteElo "2764"]
[BlackElo "2625"]
[Annotator "Cé.Ha."]
[PlyCount "93"]
[EventDate "2021.??.??"]

{[%evp 0,42,16,28,16,3,3,15,22,22,16,-2,11,8,17,24,43,66,99,99,99,99,107,72,23,
42,45,75,106,122,129,129,126,125,120,110,102,103,84,46,46,-94,-86,-80,-9]} 1.
e4 e5 2. Nf3 Nc6 3. Bb5 Nf6 (3... a6 4. Ba4 Nf6 5. O-O Be7 6. Re1 b5 7. Bb3 d6
8. c3 O-O) 4. d3 Bc5 5. Bxc6 (5. c3 O-O 6. O-O) 5... dxc6 6. O-O (6. Nbd2 O-O)
6... Bg4 7. h3 Bh5 (7... Bxf3 8. Qxf3 O-O (8... Nd7 9. Be3 O-O 10. Nd2 Qe7 11.
Nc4 Rad8 12. Qg3 f6 13. f4 exf4 14. Qxf4 Ne5 15. Qf2 Bb6 16. Bxb6 axb6 17. Ne3
Qb4 18. Rab1 Qd4 19. Kh1 c5 20. Qg3 c6 21. Nf5 Qd7 22. Rf4 Kh8 23. Rbf1 g6 24.
Ne3 Qe6 25. b3 b5 26. Qf2 Kg7 27. Nd1 Qd6 28. Nc3 Ra8 29. a4 b4 30. Nd1 b6 31.
Ne3 Ra7 32. Qg3 Kh8 33. R4f2 Raf7 34. Ng4 Kg7 35. Qf4 g5 36. Qg3 Qe6 37. Ne3
Kh8 38. Rf5 Ng6 39. Nc4 Nh4 40. R5f2 Rb7 41. Qd6 Qxd6 42. Nxd6 Re7 43. Rxf6
Rxf6 44. Rxf6 Kg7 45. Rf1 Re6 46. Nf5+ Nxf5 47. Rxf5 {1-0 (47) Kovacevic,A 
(2598)-Van Hoolandt,P (2165) Aix les Bains 2011}) 9. Nd2 Nd7 10. Nc4 a5 11. a4
Re8 12. Qg3 Qe7 13. Kh1 Bd6 14. Bh6 Qf6 15. Bd2 Bb4 16. c3 Bd6 17. f4 Qg6 18.
Qf3 f5 19. exf5 Qxf5 20. Qg3 Qg6 21. Qxg6 hxg6 22. Rae1 exf4 23. Rxe8+ Rxe8 24.
Bxf4 Bxf4 25. Rxf4 b6 26. Rg4 Re1+ 27. Kh2 Kf7 28. Rd4 Nc5 29. Rf4+ Ke8 30. d4
Nxa4 31. Rf3 Re2 32. b3 Nb2 33. Ne5 c5 34. Nxg6 c4 35. Rf8+ Kd7 36. Rf7+ Kd6
37. bxc4 Nxc4 38. Rxg7 a4 39. Rf7 a3 40. Rf1 Rxg2+ {0-1 (40) Rodshtein,M (2691)
-Bok,B (2575) Yerevan 2014}) 8. g4 Nxg4 (8... Bg6 9. Nxe5 Qe7 10. Nf3 O-O-O 11.
Qe1 h5) 9. hxg4 Bxg4 {(Niks nieuw hoor. De meesten onder ons zullen dat op dat
niveau niet verwachten. Eerder bij jonge vlegels die groot willen doen.maar
toch, zie verderop, zelfs Carlsen probeerde het en....)} 10. Be3 Be7 (10... Bd6
11. Kh1 Qd7 12. Rg1 Bh5 13. Rg3 f5) 11. Kg2 (11. Kh1 f5 12. Rg1 h5 13. Nc3 f4
14. Bd2 g5 15. Nb1 Bc5 16. Bc3 Bxf2 17. Nbd2 Qe7 18. Qf1 Bxg1 19. Qxg1 Bxf3+
20. Nxf3 g4 21. Nxe5 Rg8 22. Rf1 Qg5 23. Qd4 Qh4+ 24. Kg1 Qg3+ 25. Kh1 Qh3+ 26.
Kg1 g3 27. Nf3 g2 28. Re1 Qxf3 29. Qe5+ Kd8 30. Qf6+ Ke8 31. Bb4 c5 32. Bxc5
Kd7 33. Qf7+ {1-0 (33) Nakamura,H (2736)-Carlsen,M (2863) chess24.com INT 2020}
) 11... f5 12. Qe1 Bxf3+ 13. Kxf3 f4 14. Bd2 g5 15. Bc3 Bf6 16. Nd2 Qe7 17. Rh1
h5 18. Ke2 g4 19. f3 g3 20. Kf1 h4 21. Rh3 a5 22. a4 b6 23. Kg2 c5 24. Qb1 Kf7
25. b3 Rab8 26. Nc4 Kg6 27. Qb2 Rh5 28. Rah1 Rbh8 29. Qa1 Kg7 30. Bb2 Kg6 31.
Qb1 Rd8 32. Qe1 Kg7 33. Qa1 Rdh8 34. Na3 Kg6 35. Nb5 Bg7 36. Nc3 Qd8 (36... c6
{zou het binnenspringen van het paardje beletten en het blijft ongeveer gelijk.
}) 37. Ne2 R8h7 (37... Bf6 38. Qc1 c6 39. Qd2 Qd6 40. c3 Rd8 41. d4 Qe6 42. Qc2
Bg5 43. Bc1 Qf6 {en wit bereikt duidelijk voordeel.}) 38. Qe1 Qd6 39. Qc3 c6
40. Qc4 Rh8 41. Ba3 (41. c3 Bf6 42. Bc1 R5h7 43. d4 cxd4 44. cxd4 c5 45. dxe5
Bxe5 46. Qc2 {en wit gaat voor winst.}) 41... Qf6 42. Qa6 Rb8 (42... Qd8 43.
Qb7 R5h6 44. Qxc6+ Kh7) 43. Bc1 Bh6 44. Qa7 Qd8 (44... Rh8 45. Qxb6 Bf8 46.
Qxa5 Be7) (44... Rg8 45. Qxb6 Bf8 46. Qxa5 {wit wint.}) 45. Bb2 Qc8 46. Qe7 Bf8
{(Zie diagram)} 47. Nxf4+ {(Hopla weer een dodelijk paardoffertje zoals bij
Magnus.! En zie de ander gelijkenis. De dame staat in door de loper!)} (47.
Nxf4+ exf4 (47... Kh6 48. Qf6+ Kh7 49. Qg6+ Kh8 50. Bxe5+ Rxe5 51. Rxh4+ Rh5
52. Rxh5+ Bh6 53. Rxh6#) 48. Rxg3+ $3 fxg3 49. Qf6+ Kh7 50. Qf7+ Kh6 51. Bc1+
Rg5 52. Rxh4#) 1-0